Boletín oficial revolucionario de la provincia de Barcelona
Descripción Física:
31 núm. ; 40 cm
MARC
| LEADER | 00000nam a2200000Ia 4500 | ||
|---|---|---|---|
| 001 | 12837 | ||
| 008 | 160829s1868 xx 000 0 cat d | ||
| 008 | 160829s9999 xx 000 0 cat d | ||
| 080 | |a Dipòsit | ||
| 245 | |a Boletín oficial revolucionario de la provincia de Barcelona | ||
| 260 | |a Barcelona : |b [s.n.], |c 1868 | ||
| 300 | |a 31 núm. ; |c 40 cm | ||
| 362 | |a 1 oct. 1868 - 28 oct.1868 | ||
| 590 | |a Diari. | ||
| 590 | |a Inclou suplements. | ||
| 590 | |a Inclou les bases per l'elecció de la Junta Revolucionaria. | ||
| 590 | |a Conté l'estat general de comptes de la Junta Provincial Revolucionaria | ||
| 866 | |a 1868 | ||
| 901 | |a Arxiu | ||
| 942 | |n 1 | ||
| 952 | |0 0 |1 0 |4 0 |6 DIPÒSIT |7 1 |9 48428 |a Arxiu |b Arxiu |d 2016-12-01 |l 0 |o Dipòsit |p 12837 |r 2016-12-01 00:00:00 |w 2016-12-01 |y ARXIU | ||
| 999 | |c 52256 |d 52256 | ||